|
|
|
|
| LEADER |
01426nam a2200265 a 4500 |
| 001 |
2466297 |
| 008 |
091230s1989 bg bs f000 0 eng d |
| 010 |
|
|
|a \\\89904761
|
| 040 |
|
|
|a DLC
|c DLC
|d DLC
|d BD-DhAAL
|
| 082 |
0 |
0 |
|a 363.9/6/095492
|2 20
|
| 100 |
1 |
|
|a Hye, Hasnat Abdul.
|
| 245 |
1 |
0 |
|a Community participation :
|b case studies of population health programmes in Bangladesh /
|c Hasnat Abdul Hye, Md. Abdul Quddus.
|
| 260 |
|
|
|a Comilla, Bangladesh :
|b Bangladesh Academy for Rural Development,
|c 1989.
|
| 300 |
|
|
|a iii, 84, ii p. :
|b ill. ;
|c 23 cm.
|
| 500 |
|
|
|a Result of a study undertaken by the Bangladesh Academy for Rural Development.
|
| 504 |
|
|
|a Includes bibliographical references (ii p. at end)
|
| 541 |
1 |
|
|e 00006455
|
| 650 |
|
0 |
|a Birth control
|z Bangladesh
|x Case studies.
|
| 650 |
|
0 |
|a Rural development
|z Bangladesh
|x Case studies.
|
| 700 |
1 |
|
|a Quddus, Md. Abdul,
|d 1947-
|
| 710 |
2 |
|
|a Bangladesh Academy for Rural Development.
|
| 852 |
4 |
|
|a Ayesha Abed Library
|j General shelf
|
| 999 |
|
|
|c 6534
|d 6534
|
| 952 |
|
|
|0 0
|1 0
|2 ddc
|4 0
|6 363_960954920000000_HYE_1989
|7 0
|9 6638
|a BRACUL
|b BRACUL
|c GEN
|d 2009-12-30
|g 0.00
|l 0
|o 363.96095492 HYE
|p 3010006455
|r 2009-12-30
|t 1
|w 2009-12-30
|y BK
|x No price found in the accession register.
|
| 952 |
|
|
|0 0
|1 0
|2 ddc
|4 0
|6 363_960954920000000_HYE_1989
|7 0
|9 6653
|a BRACUL
|b BRACUL
|c GEN
|d 2009-12-31
|g 0.00
|l 0
|o 363.96095492 HYE
|p 3010006416
|r 2009-12-31
|t 1
|w 2009-12-31
|y BK
|x No price found in the accession register.
|